| 000 | 00622nam a22001935i 4500 | ||
|---|---|---|---|
| 001 | 158295 | ||
| 003 | ES-MaACL | ||
| 005 | 20230906211106.0 | ||
| 008 | 040826s1873 gw |||| | eng d | ||
| 040 |
_aCAM _bspa _cCAM |
||
| 100 | 1 |
_aLytton, Edward Bulwer Lytton _cBaron. _974965 |
|
| 245 | 1 | 4 |
_aThe coming race / _cby Edward Bulwer, Lord Lytton. |
| 260 |
_aLeipzig : _bBernhard Tauchnitz, _c1873. |
||
| 300 |
_a296 p. ; _c16 cm. |
||
| 490 | 1 |
_aCollection of british authors ; _v1318 |
|
| 830 | 0 |
_aCollection of british authors ; _v1318 _9180703 |
|
| 852 |
_aES-MaACL _jG-11417 _z-- Enc. hol. |
||
| 999 |
_c158295 _d158295 |
||